000 00211nam a22000857a 4500
008 161201b xxu||||| |||| 00| 0 eng d
100 _91655
_aJennings.L.M
245 _aPinocchio
260 _aNew Delhi
_bLondon L.B
_c1993
999 _c4368
_d4368